[Event "Veliko Gradiste Silver Lake op-A"]
[Site "Veliko Gradiste"]
[Date "2021.06.25"]
[Round "4"]
[White "Papadopoulos, Panayotis"]
[Black "Megalios, Konstantinos"]
[Result "0-1"]
[WhiteElo "2216"]
[BlackElo "2390"]
[PlyCount "98"]
[EventDate "2021.06.23"]
[EventType "swiss"]
[EventRounds "9"]
[EventCountry "SRB"]
[SourceTitle "CBM 203 Extra"]
[Source "ChessBase"]
[SourceDate "2021.09.30"]
[SourceVersion "1"]
[SourceVersionDate "2021.09.30"]
[SourceQuality "1"]

1. c4 e6 2. g3 d5 3. Bg2 Nf6 4. Nf3 Be7 5. 0-0 0-0 6. d4 dxc4 7. Qc2 b6 8. Qxc4 Bb7 9. Nc3 Nbd7 10. Rd1 Rc8 11. Nb5 a6 12. Nc3 b5 13. Qb3 c5 14. dxc5 Qa5 15. a3 Nxc5 16. Qa2 Nce4 17. Bd2 Qb6 18. Nxe4 Nxe4 19. Be3 Bc5 20. Bxc5 Rxc5 21. e3 Rfc8 22. Qb3 g6 23. Nd2 Ng5 24. e4 e5 25. Qe3 Qf6 26. Nb3 Rc2 27. Rac1 Bxe4 28. Rxc2 Rxc2 29. Rd2 Rc4 30. Re2 Qf5 31. Nd2 Rc1+ 32. Re1 Rxe1+ 33. Qxe1 Bxg2 34. Kxg2 Qe6 35. h4 Qd5+ 36. f3 Ne6 37. Ne4 Kg7 38. Qc3 h5 39. Qc8 Qb3 40. Qxa6 Qxb2+ 41. Kf1 Qa1+ 42. Kf2 b4 43. a4 Qd4+ 44. Kg2 b3 45. Qb5 b2 46. a5 Nc5 47. Nxc5 Qd2+ 48. Kh3 Qc1 49. Ne6+ Kh6 0-1

[Event "Thessaloniki Cup Final 4"]
[Site "Thessaloniki"]
[Date "2020.09.19"]
[Round "1.2"]
[White "Ballas, Kleon Evangelos"]
[Black "Papadopoulos, Panayotis"]
[Result "0-1"]
[WhiteElo "1989"]
[BlackElo "2218"]
[PlyCount "112"]
[EventDate "2020.09.19"]
[EventType "team-k.o."]
[EventRounds "2"]
[EventCountry "GRE"]
[SourceTitle "CBM 198 Extra"]
[Source "ChessBase"]
[SourceDate "2020.11.30"]
[SourceVersion "1"]
[SourceVersionDate "2020.11.30"]
[SourceQuality "1"]
[WhiteTeam "Kalamarias"]
[BlackTeam "Galaxias"]
[WhiteTeamCountry "GRE"]
[BlackTeamCountry "GRE"]

1. d4 Nf6 2. c4 d6 3. g3 e5 4. dxe5 dxe5 5. Qxd8+ Kxd8 6. Bg2 c6 7. Nf3 Nbd7 8. 0-0 Bd6 9. Rd1 Ke7 10. Ng5 Ne8 11. Ne4 Bc7 12. b3 f5 13. Ba3+ Kf7 14. Nd6+ Nxd6 15. Bxd6 Bxd6 16. Rxd6 Ke7 17. Rd2 a5 18. Nc3 Nc5 19. e4 f4 20. gxf4 exf4 21. h4 h6 22. f3 g5 23. Kf2 Be6 24. Ne2 a4 25. b4 Nd7 26. Nd4 Ne5 27. Nxe6 Kxe6 28. Bh3+ Ke7 29. Rg1 Rad8 30. Rxd8 Rxd8 31. Ke2 Kf6 32. hxg5+ hxg5 33. c5 Rd3 34. Bc8 Re3+ 35. Kd1 Rxf3 36. Bxb7 g4 37. b5 cxb5 38. c6 Rc3 39. Kd2 Rc5 40. Rc1 Nc4+ 41. Kd3 Ne5+ 42. Kd2 Rxc1 43. Kxc1 g3 44. c7 g2 45. c8Q g1Q+ 46. Kc2 Qf2+ 47. Kc3 Qe1+ 48. Kc2 Qe2+ 49. Kc3 Qc4+ 50. Qxc4 bxc4 51. Bc8 Kg5 52. Bh3 f3 53. Kb4 Kf4 54. Kxa4 Nd3 55. Bf1 f2 56. Kb5 c3 0-1

[Event "Thessaloniki Vardaris op 6th"]
[Site "Thessaloniki"]
[Date "2020.03.02"]
[Round "7"]
[White "Kourkoulos Arditis, Stamatis"]
[Black "Papadopoulos, Panayotis"]
[Result "1-0"]
[WhiteElo "2470"]
[BlackElo "2220"]
[PlyCount "59"]
[EventDate "2020.02.27"]
[EventType "swiss"]
[EventRounds "7"]
[EventCountry "GRE"]
[SourceTitle "CBM 195 Extra"]
[Source "ChessBase"]
[SourceDate "2020.05.31"]
[SourceVersion "1"]
[SourceVersionDate "2020.05.31"]
[SourceQuality "1"]

1. d4 Nf6 2. c4 d6 3. Nf3 Nbd7 4. Nc3 e5 5. e4 c6 6. Be2 Be7 7. 0-0 Qc7 8. Re1 Nf8 9. h3 Ng6 10. Bf1 0-0 11. Be3 h6 12. d5 c5 13. a3 b6 14. b4 Bd7 15. Rb1 a6 16. Rb2 Rfb8 17. Qc2 Nh7 18. Reb1 Bg5 19. Nxg5 hxg5 20. Qb3 Ne7 21. bxc5 bxc5 22. Qxb8+ Rxb8 23. Rxb8+ Bc8 24. Na4 f6 25. R1b6 Nf8 26. Nxc5 Neg6 27. Ne6 Nxe6 28. dxe6 Kh7 29. Ra8 Bxe6 30. c5 1-0

[Event "Thessaloniki Vardaris op 6th"]
[Site "Thessaloniki"]
[Date "2020.03.01"]
[Round "6"]
[White "Papadopoulos, Panayotis"]
[Black "Koutlas, Nikolaos"]
[Result "1-0"]
[WhiteElo "2220"]
[BlackElo "2030"]
[PlyCount "65"]
[EventDate "2020.02.27"]
[EventType "swiss"]
[EventRounds "7"]
[EventCountry "GRE"]
[SourceTitle "CBM 195 Extra"]
[Source "ChessBase"]
[SourceDate "2020.05.31"]
[SourceVersion "1"]
[SourceVersionDate "2020.05.31"]
[SourceQuality "1"]

1. Nf3 d5 2. d4 g6 3. Bf4 Bg7 4. e3 Nf6 5. c3 0-0 6. h3 c5 7. Nbd2 cxd4 8. exd4 Nc6 9. Bd3 Bf5 10. Bxf5 gxf5 11. 0-0 e6 12. Qb3 b6 13. Qb5 Rc8 14. a4 Nh5 15. Bh2 Bh6 16. Nb3 a5 17. Nc1 Kh8 18. Nd3 Rg8 19. Kh1 Ne7 20. Nde5 Qf8 21. Qxb6 f4 22. Qxa5 Qg7 23. Rg1 Nf5 24. Qa7 Rcf8 25. Ng4 Nhg3+ 26. fxg3 fxg3 27. Qc7 Rc8 28. Qe5 gxh2 29. Rge1 f6 30. Qxf6 Qxf6 31. Nxf6 Rg6 32. Nh5 Rcg8 33. Ne5 1-0

[Event "Thessaloniki Vardaris op 6th"]
[Site "Thessaloniki"]
[Date "2020.02.27"]
[Round "1"]
[White "Vestby Ellingsen, Mads"]
[Black "Papadopoulos, Panayotis"]
[Result "1-0"]
[WhiteElo "2357"]
[BlackElo "2220"]
[PlyCount "91"]
[EventDate "2020.02.27"]
[EventType "swiss"]
[EventRounds "7"]
[EventCountry "GRE"]
[SourceTitle "CBM 195 Extra"]
[Source "ChessBase"]
[SourceDate "2020.05.31"]
[SourceVersion "1"]
[SourceVersionDate "2020.05.31"]
[SourceQuality "1"]

1. d4 Nf6 2. Bg5 c5 3. d5 Qb6 4. Nc3 Qxb2 5. Bd2 Qb6 6. e4 d6 7. f4 Qc7 8. Nf3 Bg4 9. Bc4 a6 10. a4 Nbd7 11. 0-0 g6 12. h3 Bxf3 13. Qxf3 Bg7 14. Rae1 0-0 15. g4 Nb6 16. Be2 Nfd7 17. Ra1 c4 18. h4 Nc5 19. h5 Rac8 20. Kg2 Qd7 21. a5 Nba4 22. Nxa4 Nxa4 23. Rab1 c3 24. Be3 Nb2 25. Ra1 Nc4 26. Bxc4 Rxc4 27. Rh1 Ra4 28. h6 Bh8 29. Kg3 Rc8 30. Rhb1 Rxa1 31. Rxa1 Qb5 32. Qd1 Rc4 33. Kf3 Rb4 34. Qe2 Qxe2+ 35. Kxe2 Rxe4 36. Rb1 f5 37. Kd3 e5 38. dxe6 Rxe6 39. Rxb7 Bf6 40. g5 Be7 41. Rb6 Re4 42. Rxa6 d5 43. Ra8+ Kf7 44. Rh8 Ke6 45. Rxh7 Ra4 46. Rxe7+ 1-0

[Event "Thessaloniki White Tower op 42nd"]
[Site "Thessaloniki"]
[Date "2020.01.06"]
[Round "8"]
[White "Dritsas, Stavros Nikolaos"]
[Black "Papadopoulos, Panayotis"]
[Result "0-1"]
[WhiteElo "1843"]
[BlackElo "2238"]
[PlyCount "128"]
[EventDate "2020.01.02"]
[EventType "swiss"]
[EventRounds "9"]
[EventCountry "GRE"]
[SourceTitle "EXT 2021"]
[Source "ChessBase"]
[SourceDate "2020.10.23"]
[SourceVersion "1"]
[SourceVersionDate "2020.10.23"]
[SourceQuality "1"]

1. e4 c5 2. Nf3 Nc6 3. d4 cxd4 4. Nxd4 e5 5. Nb5 d6 6. c4 Be7 7. Be3 Nf6 8. f3 0-0 9. Be2 Be6 10. 0-0 Rc8 11. N5c3 Nd4 12. Nd5 Nxd5 13. cxd5 Nc2 14. Bxa7 Bd7 15. Bf2 Nxa1 16. Na3 b5 17. Qxa1 Qa5 18. Qe1 Qa4 19. Qd2 Rc7 20. Bd1 Qa6 21. Bb3 f5 22. Nc2 fxe4 23. Nb4 Qc8 24. fxe4 Kh8 25. Nd3 Qe8 26. Nxe5 dxe5 27. d6 Bxd6 28. Qxd6 Rc6 29. Qd5 Rcf6 30. Bd1 Bc6 31. Qd3 Qg6 32. Qg3 Qxg3 33. hxg3 Bxe4 34. Be2 Bc6 35. a3 e4 36. b3 h6 37. b4 Kg8 38. Bc5 Rxf1+ 39. Bxf1 Ra8 40. Kf2 Rxa3 41. Be2 Kf7 42. Bh5+ g6 43. Be2 Ke6 44. Bf1 Kd5 45. g4 Ke5 46. Be2 Rc3 47. Bb6 Bd7 48. Be3 Rc2 49. Ke1 Rb2 50. Bc5 Kd5 51. Kd1 Kc6 52. Ke1 Be6 53. Bf8 Bc4 54. Bd1 Rxg2 55. Bxh6 Rg1+ 56. Kd2 Kd5 57. Be3 Rg2+ 58. Kc3 Ke5 59. Bh6 Rg3+ 60. Kd2 Be6 61. Be2 Bd7 62. Bg5 Bxg4 63. Bxb5 Bd7 64. Bf6+ Kxf6 0-1

[Event "Thessaloniki White Tower op 42nd"]
[Site "Thessaloniki"]
[Date "2020.01.05"]
[Round "7"]
[White "Hidzos, Georgios"]
[Black "Papadopoulos, Panayotis"]
[Result "0-1"]
[WhiteElo "1785"]
[BlackElo "2238"]
[PlyCount "44"]
[EventDate "2020.01.02"]
[EventType "swiss"]
[EventRounds "9"]
[EventCountry "GRE"]
[SourceTitle "CBM 194 Extra"]
[Source "ChessBase"]
[SourceDate "2020.03.31"]
[SourceVersion "1"]
[SourceVersionDate "2020.03.31"]
[SourceQuality "1"]

1. e4 c5 2. Nf3 Nc6 3. d4 cxd4 4. Nxd4 e5 5. Nb5 d6 6. g3 Be6 7. Bg2 h5 8. h4 Nf6 9. a4 Rc8 10. Bg5 a6 11. N5c3 Qb6 12. b3 Ng4 13. 0-0 Nd4 14. Kh1 Be7 15. Bd2 g5 16. f3 gxh4 17. a5 Qa7 18. fxg4 hxg4 19. Be3 hxg3+ 20. Kg1 Bg5 21. Nd5 Bxd5 22. Rf5 Bxe3+ 0-1

[Event "Thessaloniki White Tower op 42nd"]
[Site "Thessaloniki"]
[Date "2020.01.03"]
[Round "3"]
[White "Ivanov, Jordan"]
[Black "Papadopoulos, Panayotis"]
[Result "0-1"]
[WhiteElo "2379"]
[BlackElo "2238"]
[PlyCount "58"]
[EventDate "2020.01.02"]
[EventType "swiss"]
[EventRounds "9"]
[EventCountry "GRE"]
[SourceTitle "CBM 194 Extra"]
[Source "ChessBase"]
[SourceDate "2020.03.31"]
[SourceVersion "1"]
[SourceVersionDate "2020.03.31"]
[SourceQuality "1"]

1. Nf3 Nf6 2. c4 d6 3. d4 Nbd7 4. Nc3 e5 5. Bg5 c6 6. e3 Be7 7. Qc2 0-0 8. 0-0-0 Qa5 9. Bd3 Re8 10. Kb1 Rb8 11. h4 b5 12. dxe5 bxc4 13. Bxc4 dxe5 14. Bxf6 Nxf6 15. Ng5 Rf8 16. Nce4 Nxe4 17. Qxe4 g6 18. g4 Rb4 19. Rc1 Bxg5 20. hxg5 Be6 21. b3 Rfb8 22. Rhd1 Qa4 23. Qxe5 Bxc4 24. Rxc4 Rxb3+ 25. axb3 Qxb3+ 26. Kc1 Qxc4+ 27. Kd2 Rd8+ 28. Ke1 Qb4+ 29. Ke2 Qxg4+ 0-1

[Event "Thessaloniki White Tower op 42nd"]
[Site "Thessaloniki"]
[Date "2020.01.03"]
[Round "2"]
[White "Papadopoulos, Panayotis"]
[Black "Liamos, Asterios"]
[Result "1-0"]
[WhiteElo "2238"]
[BlackElo "1768"]
[PlyCount "99"]
[EventDate "2020.01.02"]
[EventType "swiss"]
[EventRounds "9"]
[EventCountry "GRE"]
[SourceTitle "CBM 194 Extra"]
[Source "ChessBase"]
[SourceDate "2020.03.31"]
[SourceVersion "1"]
[SourceVersionDate "2020.03.31"]
[SourceQuality "1"]

1. d4 Nf6 2. Nf3 g6 3. Bf4 Bg7 4. h3 0-0 5. e3 d6 6. Be2 Nbd7 7. 0-0 c5 8. c3 a6 9. Nbd2 b6 10. Qb1 Bb7 11. Bh2 Re8 12. a4 Rc8 13. Bc4 d5 14. Bd3 Nb8 15. b4 c4 16. Bc2 Nfd7 17. e4 e5 18. dxe5 Nxe5 19. Nxe5 Bxe5 20. Bxe5 Rxe5 21. Nf3 Re8 22. Rd1 Qe7 23. e5 Nd7 24. Re1 Nf8 25. Nd4 Ne6 26. Qd1 Qg5 27. Nxe6 Rxe6 28. Qd4 Rce8 29. f4 Qh4 30. Rf1 f5 31. a5 Qd8 32. Kf2 Rf8 33. axb6 Qxb6 34. Ke3 Kf7 35. Qxb6 Rxb6 36. Kd4 Ke6 37. g4 Rc6 38. gxf5+ gxf5 39. Rg1 Rc7 40. Rg5 Rff7 41. h4 Bc8 42. h5 Bb7 43. Rag1 Bc8 44. h6 Bd7 45. Rg7 Bb5 46. R1g5 Rcd7 47. Rg8 Rc7 48. Rd8 Rcd7 49. Re8+ Rde7 50. Bxf5+ 1-0

[Event "Belgrade Trophy 33rd"]
[Site "Belgrade"]
[Date "2019.12.01"]
[Round "8"]
[White "Papadopoulos, Panayotis"]
[Black "Bashirli, Nail Qoshqar"]
[Result "0-1"]
[WhiteElo "2247"]
[BlackElo "2383"]
[PlyCount "76"]
[EventDate "2019.11.24"]
[EventType "swiss"]
[EventRounds "9"]
[EventCountry "SRB"]
[SourceTitle "CBM 193 Extra"]
[Source "ChessBase"]
[SourceDate "2020.01.31"]
[SourceVersion "1"]
[SourceVersionDate "2020.01.31"]
[SourceQuality "1"]

1. Nf3 Nf6 2. d3 c5 3. e4 d6 4. Nbd2 g6 5. c3 Bg7 6. Be2 0-0 7. 0-0 Nc6 8. Qc2 e5 9. a3 Be6 10. b4 a6 11. Rb1 b5 12. Ng5 Bd7 13. Nb3 cxb4 14. axb4 Qc7 15. Bd1 Rfc8 16. Qe2 h6 17. Nf3 Be6 18. Bd2 Nd7 19. Ra1 d5 20. Rc1 dxe4 21. Qxe4 Nf6 22. Qe2 e4 23. Ne1 Re8 24. Nc5 exd3 25. Nxe6 dxe2 26. Nxc7 exf1Q+ 27. Kxf1 Red8 28. Nxa8 Rxd2 29. Nc7 Ra2 30. Bf3 Ne5 31. Bb7 Nc4 32. Bxa6 Ne4 33. Bxb5 Ncd2+ 34. Kg1 Nxc3 35. Rc2 Ra1 36. Rxd2 Nxb5 37. Rd8+ Kh7 38. Kf1 Bc3 0-1